[Event "HUN-chT2 Szechenyi 2223"]
[White "Szinavel, Zsolt"]
[Black "Ter, Marcell"]
[Site "Hungary"]
[Round "8.1"]
[Result "1/2-1/2"]
[Date "2023.03.26"]
[WhiteElo "2104"]
[BlackElo "2083"]
[PlyCount "94"]
[EventDate "2022.11.20"]
[EventType "team-tourn"]
[EventRounds "9"]
[EventCountry "HUN"]
[SourceTitle "EXT 2025"]
[Source "ChessBase"]
[SourceDate "2024.10.14"]
[SourceVersion "1"]
[SourceVersionDate "2024.10.14"]
[SourceQuality "1"]
[WhiteTeam "Kisber Aszar"]
[BlackTeam "Csuti Baki Agrocentrum"]
[WhiteTeamCountry "HUN"]
[BlackTeamCountry "HUN"]

1. d4 d5 2. Nf3 e6 3. g3 f5 4. Bg2 Nf6 5. 0-0 Bd6 6. b3 0-0 7. Bb2 b6 8. c4 c6 9. Nbd2 Ba6 10. e3 Nbd7 11. Re1 Ne4 12. a3 Rc8 13. Qc2 Ndf6 14. b4 Qe7 15. c5 Bb8 16. cxb6 axb6 17. Qa4 Qa7 18. Qb3 Ng4 19. a4 Ngxf2 20. b5 Bb7 21. Rf1 Nxd2 22. Nxd2 Ng4 23. e4 g6 24. a5 Nf6 25. bxc6 Rxc6 26. exd5 exd5 27. Bxd5+ Nxd5 28. Qxd5+ Rf7 29. Qd8+ Rf8 30. axb6 Qxb6 31. Qxb6 Rxb6 32. Ba3 Re8 33. Rfe1 Rxe1+ 34. Rxe1 Bd5 35. Re8+ Kf7 36. Re7+ Kf6 37. Rd7 Rb5 38. Rxh7 Ra5 39. Be7+ Ke6 40. Bb4 Ra4 41. Bc5 Ra2 42. Re7+ Kf6 43. Re2 Bc4 44. Rg2 Bd5 45. Rf2 Ra1+ 46. Rf1 Ra2 47. Rf2 Ra1+ 1/2-1/2

[Event "HUN-chT2 Szechenyi 1819"]
[White "Ter, Marcell"]
[Black "Varga, Tibor2"]
[Site "Hungary"]
[Round "8.5"]
[Result "1/2-1/2"]
[Date "2019.03.31"]
[WhiteElo "2128"]
[BlackElo "2037"]
[PlyCount "26"]
[EventDate "2018.10.28"]
[EventType "team-tourn"]
[EventRounds "9"]
[EventCountry "HUN"]
[SourceTitle "EXT 2021"]
[Source "ChessBase"]
[SourceDate "2020.10.23"]
[SourceVersion "1"]
[SourceVersionDate "2020.10.23"]
[SourceQuality "1"]
[WhiteTeam "Csuti Baki Agrocentrum"]
[BlackTeam "Haladas Szombathely III"]
[WhiteTeamCountry "HUN"]
[BlackTeamCountry "HUN"]

1. e4 d6 2. d4 Nf6 3. Nc3 Nbd7 4. g3 e5 5. Bg2 c6 6. Nf3 Be7 7. 0-0 0-0 8. b3 Qc7 9. Bb2 b5 10. Nh4 Re8 11. Nf5 Bf8 12. Re1 Bb7 13. a3 a5 1/2-1/2

[Event "HUN-chT2 Szechenyi 1617"]
[White "Kiss, Laszlo3"]
[Black "Ter, Marcell"]
[Site "Hungary"]
[Round "1.7"]
[Result "0-1"]
[Date "2016.09.25"]
[WhiteElo "1739"]
[BlackElo "2150"]
[PlyCount "76"]
[EventDate "2016.09.25"]
[EventType "team-tourn"]
[EventRounds "11"]
[EventCountry "HUN"]
[SourceTitle "EXT 2021"]
[Source "ChessBase"]
[SourceDate "2020.10.23"]
[SourceVersion "1"]
[SourceVersionDate "2020.10.23"]
[SourceQuality "1"]
[WhiteTeam "Arboretum"]
[BlackTeam "Csuti Baki Agrocentrum"]
[WhiteTeamCountry "HUN"]
[BlackTeamCountry "HUN"]

1. e4 e5 2. Nf3 Nc6 3. Bc4 Bc5 4. c3 Nf6 5. d3 d6 6. h3 h6 7. Nbd2 Bb6 8. Nf1 Be6 9. Ne3 Bxe3 10. Bxe3 Bxc4 11. dxc4 Nxe4 12. Qd5 Nf6 13. Qb5 Qc8 14. Rd1 a6 15. Qa4 Qf5 16. b4 0-0 17. 0-0 Ne7 18. Rfe1 Rfd8 19. Qb3 Ng6 20. a4 Qh5 21. a5 Re8 22. Qc2 Nh4 23. Nh2 Re6 24. g3 Nf3+ 25. Nxf3 Qxf3 26. Qe2 Qf5 27. Kg2 Rae8 28. Qf3 Qxf3+ 29. Kxf3 c6 30. Bb6 d5 31. cxd5 Nxd5 32. Rxd5 cxd5 33. Rd1 Rd6 34. Bc5 Rd7 35. g4 f6 36. h4 Kf7 37. c4 Ke6 38. cxd5+ Rxd5 0-1

[Event "HUN-chT2 Szechenyi 1415"]
[White "Czupor, Attila"]
[Black "Ter, Marcell"]
[Site "Hungary"]
[Round "10.3"]
[Result "1-0"]
[Date "2015.03.22"]
[WhiteElo "2180"]
[BlackElo "2178"]
[PlyCount "51"]
[EventDate "2014.09.07"]
[EventType "team-tourn"]
[EventRounds "11"]
[EventCountry "HUN"]
[SourceTitle "EXT 2016"]
[Source "ChessBase"]
[SourceDate "2015.10.08"]
[SourceVersion "1"]
[SourceVersionDate "2015.10.08"]
[SourceQuality "1"]
[WhiteTeam "Sarvar"]
[BlackTeam "Csuti"]
[WhiteTeamCountry "HUN"]
[BlackTeamCountry "HUN"]

1. e4 e5 2. Nf3 Nc6 3. Bb5 a6 4. Ba4 Nf6 5. 0-0 Be7 6. Re1 b5 7. Bb3 d6 8. c3 Na5 9. Bc2 c5 10. a4 Bb7 11. d4 Qc7 12. Nbd2 0-0 13. Nf1 Rfd8 14. Ng3 Nc4 15. Nf5 g6 16. Nxe7+ Qxe7 17. a5 exd4 18. cxd4 cxd4 19. Bg5 Kg7 20. Nxd4 h6 21. Bh4 Nxb2 22. Qf3 Qe5 23. Qc3 Nc4 24. f4 Qc5 25. Kh1 Nxa5 26. Ne6+ 1-0

[Event "HUN-chT2 Szechenyi 1314"]
[White "Ter, Marcell"]
[Black "Acs, Marton"]
[Site "Hungary"]
[Round "9.6"]
[Result "1-0"]
[Date "2014.03.23"]
[WhiteElo "2152"]
[BlackElo "1780"]
[PlyCount "33"]
[EventDate "2013.09.08"]
[EventType "team-tourn"]
[EventRounds "11"]
[EventCountry "HUN"]
[SourceTitle "EXT 2016"]
[Source "ChessBase"]
[SourceDate "2015.10.08"]
[SourceVersion "1"]
[SourceVersionDate "2015.10.08"]
[SourceQuality "1"]
[WhiteTeam "Baki Agrocentrum"]
[BlackTeam "Tapolca II"]
[WhiteTeamCountry "HUN"]
[BlackTeamCountry "HUN"]

1. e4 e5 2. Nf3 Nc6 3. d4 exd4 4. Nxd4 Qh4 5. Qd3 Bc5 6. Be3 Qf6 7. Nb5 Bxe3 8. Qxe3 Qxb2 9. Bc4 Qb4+ 10. Nd2 Kd8 11. Qg3 d6 12. Qxg7 Ne5 13. Rb1 Qc5 14. Qxh8 Nxc4 15. Qxg8+ Ke7 16. Nxc4 Qxc4 17. Qg5+ 1-0

[Event "HUN-chT2 Szechenyi 1314"]
[White "Ugroczky, Peter"]
[Black "Ter, Marcell"]
[Site "Hungary"]
[Round "7.5"]
[Result "0-1"]
[Date "2014.02.16"]
[WhiteElo "1869"]
[BlackElo "2152"]
[PlyCount "92"]
[EventDate "2013.09.08"]
[EventType "team-tourn"]
[EventRounds "11"]
[EventCountry "HUN"]
[SourceTitle "EXT 2016"]
[Source "ChessBase"]
[SourceDate "2015.10.08"]
[SourceVersion "1"]
[SourceVersionDate "2015.10.08"]
[SourceQuality "1"]
[WhiteTeam "Szombathely Haladas III"]
[BlackTeam "Baki Agrocentrum"]
[WhiteTeamCountry "HUN"]
[BlackTeamCountry "HUN"]

1. e4 e5 2. Nf3 Nc6 3. Bc4 Bc5 4. c3 Nf6 5. d3 d6 6. 0-0 0-0 7. Bb3 Bb6 8. Bg5 h6 9. Bh4 Bg4 10. Nbd2 g5 11. Bg3 Ne7 12. Nc4 Ng6 13. Ne3 Qd7 14. Nxg4 Qxg4 15. Nd2 Qd7 16. Nc4 h5 17. Nxb6 axb6 18. f3 h4 19. Bf2 Nf4 20. d4 Qb5 21. c4 Qc6 22. Qd2 Kh7 23. g3 Nh3+ 24. Kg2 Qd7 25. dxe5 Nh5 26. Be3 Rg8 27. g4 N5f4+ 28. Bxf4 Nxf4+ 29. Kh1 Rg6 30. Bc2 Kh6 31. b3 Qc6 32. Qd4 b5 33. Rac1 Ne2 34. Qb2 Nxc1 35. Rxc1 Qc5 36. exd6 Qf2 37. Qc3 h3 38. Rg1 b4 39. Qd3 Rxd6 40. Qf1 Qxf1 41. Rxf1 Rxa2 42. Bb1 Rb2 43. e5 Rdd2 44. Rc1 Rxh2+ 45. Kg1 Rbg2+ 46. Kf1 Rh1# 0-1

[Event "HUN-chT2 Szechenyi 1314"]
[White "Ter, Marcell"]
[Black "Kiss, Balint"]
[Site "Hungary"]
[Round "5.4"]
[Result "1-0"]
[Date "2013.11.17"]
[WhiteElo "2152"]
[BlackElo "1922"]
[PlyCount "111"]
[EventDate "2013.09.08"]
[EventType "team-tourn"]
[EventRounds "11"]
[EventCountry "HUN"]
[SourceTitle "EXT 2016"]
[Source "ChessBase"]
[SourceDate "2015.10.08"]
[SourceVersion "1"]
[SourceVersionDate "2015.10.08"]
[SourceQuality "1"]
[WhiteTeam "Baki Agrocentrum"]
[BlackTeam "Arboretum"]
[WhiteTeamCountry "HUN"]
[BlackTeamCountry "HUN"]

1. e4 e5 2. Nf3 Nc6 3. Bc4 Bc5 4. c3 Nf6 5. d3 d6 6. Bb3 0-0 7. h3 h6 8. 0-0 a6 9. Be3 Ba7 10. Nbd2 Be6 11. Bc2 Ne7 12. Bxa7 Rxa7 13. d4 Ng6 14. Re1 Ra8 15. Nf1 c5 16. d5 Bd7 17. Ng3 Nh7 18. Nf5 Bxf5 19. exf5 Ne7 20. c4 Qd7 21. Nh4 Nf6 22. g4 Kh7 23. Qd2 g6 24. Re2 Rg8 25. Kh2 b5 26. b3 bxc4 27. bxc4 Rab8 28. Rae1 g5 29. Nf3 Rb2 30. Qc3 Rgb8 31. Bb3 Rxe2 32. Rxe2 Qb7 33. Qe3 a5 34. Nxg5+ hxg5 35. Qxg5 Neg8 36. Qh4+ Kg7 37. g5 Ne8 38. f4 f6 39. Rg2 Kf8 40. Ba4 fxg5 41. fxg5 Qf7 42. f6 Rb4 43. Bc2 Qxd5 44. f7 Qxf7 45. Rf2 Nef6 46. gxf6 Rxc4 47. Qh8 Rf4 48. Rg2 e4 49. Rxg8+ Qxg8 50. Qh6+ Ke8 51. Qxf4 d5 52. Qe5+ Kd7 53. Qe7+ Kc6 54. Ba4+ Kb6 55. Qd6+ Kb7 56. Bc6+ 1-0

[Event "HUN-chT2 Szechenyi 1213"]
[White "Parkanyi, Attila"]
[Black "Ter, Marcell"]
[Site "Hungary"]
[Round "2.1"]
[Result "1-0"]
[Date "2012.10.07"]
[WhiteElo "2273"]
[BlackElo "2154"]
[PlyCount "71"]
[EventDate "2012.09.16"]
[EventType "team-tourn"]
[EventRounds "11"]
[EventCountry "HUN"]
[SourceTitle "EXT 2014"]
[Source "ChessBase"]
[SourceDate "2013.11.20"]
[SourceVersion "1"]
[SourceVersionDate "2013.11.20"]
[SourceQuality "1"]
[WhiteTeam "Zala Volan"]
[BlackTeam "Zalaegerszeg Bagi"]
[WhiteTeamCountry "HUN"]
[BlackTeamCountry "HUN"]

1. e4 e5 2. Nf3 Nc6 3. Bb5 a6 4. Ba4 Nf6 5. 0-0 Be7 6. Re1 b5 7. Bb3 d6 8. c3 Na5 9. Bc2 c5 10. d3 0-0 11. h3 Ne8 12. d4 Qc7 13. Nbd2 g6 14. Nf1 Ng7 15. Bh6 Nc4 16. b3 Nb6 17. Ne3 Bb7 18. Rc1 Rad8 19. Qd2 f6 20. d5 Bc8 21. Nh2 f5 22. exf5 gxf5 23. f4 Rf6 24. Bxg7 Kxg7 25. Rf1 Rdf8 26. Qe2 Bd8 27. Rce1 Qf7 28. Qd1 Kh8 29. Kh1 Rg8 30. c4 Rg3 31. Rf3 Rg8 32. fxe5 dxe5 33. Qa1 Bc7 34. Ref1 Rg5 35. Nhg4 Rxg4 36. Nxg4 1-0

[Event "HUN-chT2 Charousek 0910"]
[White "Szabo, Lorinc"]
[Black "Ter, Marcell"]
[Site "Hungary"]
[Round "11"]
[Result "0-1"]
[Date "2010.05.02"]
[WhiteElo "1949"]
[BlackElo "2091"]
[PlyCount "70"]
[EventDate "2009.11.08"]
[EventType "team-tourn"]
[EventRounds "11"]
[EventCountry "HUN"]
[SourceTitle "EXT 2011"]
[Source "ChessBase"]
[SourceDate "2010.11.26"]
[SourceVersion "1"]
[SourceVersionDate "2010.11.26"]
[SourceQuality "1"]
[WhiteTeam "Fehervar"]
[BlackTeam "Csuti II"]
[WhiteTeamCountry "HUN"]
[BlackTeamCountry "HUN"]

1. d4 d5 2. Nf3 c6 3. Bf4 Qb6 4. b3 e6 5. e3 Nf6 6. Bd3 Be7 7. 0-0 0-0 8. Nbd2 c5 9. c4 Nc6 10. dxc5 Bxc5 11. Bg5 Be7 12. e4 h6 13. Bh4 dxe4 14. Nxe4 Nxe4 15. Bxe4 Bxh4 16. Nxh4 Rd8 17. Qh5 Bd7 18. c5 Qb4 19. Rfe1 Be8 20. Bxc6 Bxc6 21. Nf3 Rd5 22. Ne5 Be8 23. Qf3 Qxc5 24. Nc4 Bc6 25. Qe3 Qxe3 26. Nxe3 Rd3 27. Red1 Rad8 28. Rxd3 Rxd3 29. Rd1 Rc3 30. Kf1 f5 31. Rd8+ Kh7 32. Rd6 f4 33. Nd1 Rc1 34. f3 Bd5 35. Ke1 Rc2 0-1

[Event "HUN-chT2 Szechenyi 0809"]
[White "Tamas, Milan"]
[Black "Ter, Marcell"]
[Site "Hungary"]
[Round "6.2"]
[Result "0-1"]
[Date "2009.01.25"]
[WhiteElo "2180"]
[BlackElo "2043"]
[PlyCount "144"]
[EventDate "2008.10.26"]
[EventType "tourn"]
[EventRounds "11"]
[EventCountry "HUN"]
[SourceTitle "EXT 2010"]
[Source "ChessBase"]
[SourceDate "2010.11.25"]
[SourceVersion "1"]
[SourceVersionDate "2010.11.25"]
[SourceQuality "1"]
[WhiteTeam "Haladas"]
[BlackTeam "Baki Agrocentrum"]
[WhiteTeamCountry "HUN"]
[BlackTeamCountry "HUN"]

1. d4 d5 2. Nc3 Nf6 3. Bg5 Bf5 4. e3 e6 5. Bd3 Bg6 6. e4 dxe4 7. Nxe4 Be7 8. Bxf6 Bxf6 9. Nf3 c6 10. c3 0-0 11. Qc2 Nd7 12. h4 e5 13. g4 exd4 14. g5 Ne5 15. Nxe5 Bxe5 16. 0-0-0 dxc3 17. Nf6+ gxf6 18. Bxg6 cxb2+ 19. Kb1 fxg6 20. Rxd8 Raxd8 21. f4 Bd4 22. h5 f5 23. hxg6 hxg6 24. Qb3+ Rf7 25. Qe6 Bg7 26. Qxg6 Re8 27. Qh7+ Kf8 28. Qh3 c5 29. Qd3 Bd4 30. g6 Rfe7 31. Qxf5+ Kg8 32. Qd5+ Kg7 33. Rh7+ Kxg6 34. Qh5+ Kf6 35. Rh6+ Kg7 36. Rh7+ Kf6 37. Qh6+ Kf5 38. Qh3+ Kf6 39. Rh6+ Kg7 40. Rh7+ Kg8 41. Rxe7 Rxe7 42. Qg3+ Kf7 43. f5 b5 44. Qg6+ Kf8 45. Qd6 Ke8 46. Qc6+ Kd8 47. Qd6+ Rd7 48. Qb8+ Ke7 49. Qxb5 Rd6 50. Qb7+ Kf6 51. Qe4 Be5 52. Qg4 c4 53. Qg6+ Ke7 54. Qg5+ Bf6 55. Qg4 c3 56. Qb4 Kd7 57. Qb7+ Ke8 58. Qc8+ Ke7 59. Qc5 Bd4 60. Qb4 Be5 61. Qh4+ Bf6 62. Qe4+ Kf8 63. Qb4 Be5 64. Qc5 Kf7 65. Qc4+ Kf6 66. Qg4 a5 67. Qh5 Ke7 68. Qe2 Kd8 69. Qg4 Rc6 70. Qg8+ Ke7 71. Qh7+ Kf8 72. Kc2 b1Q+ 0-1

[Event "HUN-chT2 Charousek 0809"]
[White "Ter, Marcell"]
[Black "Dudas, Eszter"]
[Site "Hungary"]
[Round "4"]
[Result "1/2-1/2"]
[Date "2008.12.21"]
[WhiteElo "2043"]
[BlackElo "2149"]
[PlyCount "108"]
[EventDate "2008.10.26"]
[EventType "tourn"]
[EventRounds "11"]
[EventCountry "HUN"]
[SourceTitle "EXT 2010"]
[Source "ChessBase"]
[SourceDate "2010.11.25"]
[SourceVersion "1"]
[SourceVersionDate "2010.11.25"]
[SourceQuality "1"]
[WhiteTeam "Csuti II"]
[BlackTeam "Paks II"]
[WhiteTeamCountry "HUN"]
[BlackTeamCountry "HUN"]

1. e4 c5 2. Nf3 e6 3. d4 cxd4 4. Nxd4 a6 5. a4 Nf6 6. Bd3 Qc7 7. 0-0 Nc6 8. Nb3 d5 9. Nc3 dxe4 10. Nxe4 Be7 11. c3 0-0 12. Nxf6+ Bxf6 13. Qe2 b6 14. Nd2 g6 15. Ne4 Bg7 16. Bg5 f5 17. Ng3 f4 18. Ne4 Ne5 19. f3 Bb7 20. Rfd1 Nxd3 21. Qxd3 Bxe4 22. Qxe4 Qc5+ 23. Kh1 Qxg5 24. Qxe6+ Kh8 25. Qxb6 Rab8 26. Qf2 Rfd8 27. Qc2 Rxd1+ 28. Rxd1 Rd8 29. Rxd8+ Qxd8 30. Kg1 Qb6+ 31. Kf1 Qe3 32. Qe2 Qxe2+ 33. Kxe2 Kg8 34. Kd3 Kf7 35. b4 Ke6 36. c4 Kd6 37. Ke4 Bc3 38. c5+ Kc6 39. b5+ axb5 40. axb5+ Kxb5 41. Kxf4 h6 42. h4 Kxc5 43. h5 gxh5 44. Kg3 Be1+ 45. Kh3 h4 46. f4 Bg3 47. Kg4 Kd4 48. f5 Ke5 49. Kh3 Kf6 50. Kg4 Be1 51. Kh3 Kxf5 52. Kh2 Bg3+ 53. Kh1 Ke4 54. Kg1 Ke3 1/2-1/2

[Event "HUN-chT2 Charousek 0809"]
[White "Ter, Marcell"]
[Black "Zsipi, Alex Mark"]
[Site "Hungary"]
[Round "3"]
[Result "1/2-1/2"]
[Date "2008.11.30"]
[WhiteElo "2043"]
[BlackElo "2013"]
[PlyCount "138"]
[EventDate "2008.10.26"]
[EventType "tourn"]
[EventRounds "11"]
[EventCountry "HUN"]
[SourceTitle "EXT 2010"]
[Source "ChessBase"]
[SourceDate "2010.11.25"]
[SourceVersion "1"]
[SourceVersionDate "2010.11.25"]
[SourceQuality "1"]
[WhiteTeam "Csuti II"]
[BlackTeam "Barcza"]
[WhiteTeamCountry "HUN"]
[BlackTeamCountry "HUN"]

1. e4 c6 2. d4 d5 3. e5 Bf5 4. g4 Bd7 5. Be3 e6 6. c3 c5 7. Bd3 Nc6 8. Ne2 Be7 9. a3 h5 10. Nf4 Bg5 11. Nxh5 Bxe3 12. fxe3 c4 13. Bc2 Qh4+ 14. Kd2 g6 15. Nf4 Nh6 16. h3 Nxg4 17. Qf3 0-0-0 18. Ke2 Ngxe5 19. dxe5 Nxe5 20. Qf2 Bc6 21. Qxh4 Rxh4 22. Rg1 Nd7 23. Nd2 e5 24. Nf3 Rhh8 25. Ng2 Rxh3 26. Ng5 Rg3 27. Nh4 Rxg1 28. Rxg1 Rh8 29. Nhf3 f6 30. Nf7 Rh3 31. Bxg6 d4 32. e4 d3+ 33. Ke3 Kc7 34. Bf5 Rh5 35. Bg6 Rh3 36. Kf2 Nc5 37. Kg2 Bd7 38. Nd2 b5 39. Rf1 Re3 40. Rxf6 Bh3+ 41. Kh2 Be6 42. Rf2 Re2 43. Kg2 Bh3+ 44. Kg1 Re1+ 45. Kh2 Bg4 46. Nxe5 Be2 47. Rf7+ Kd6 48. Nexc4+ bxc4 49. Nxc4+ Ke6 50. Rxa7 Bf3 51. Bf5+ Kf6 52. Kg3 Bxe4 53. Bxe4 Nxe4+ 54. Kf4 d2 55. Ra6+ Ke7 56. Nxd2 Nxd2 57. Ra4 Re6 58. Rd4 Rd6 59. Ke3 Nb3 60. Rxd6 Kxd6 61. Kd3 Kc5 62. c4 Nc1+ 63. Kc2 Ne2 64. b3 Nd4+ 65. Kc3 Ne2+ 66. Kb2 Nd4 67. Kc3 Ne2+ 68. Kd2 Nd4 69. Kc3 Ne2+ 1/2-1/2

[Event "HUN-chT U18"]
[White "Ter, Marcell"]
[Black "Bagi, Mate"]
[Site "Miskolc"]
[Round "7.5"]
[Result "1-0"]
[Date "2008.10.30"]
[WhiteElo "2043"]
[BlackElo "1940"]
[PlyCount "47"]
[EventDate "2008.10.27"]
[EventType "team-swiss"]
[EventRounds "8"]
[EventCountry "HUN"]
[SourceTitle "EXT 2016"]
[Source "ChessBase"]
[SourceDate "2015.10.08"]
[SourceVersion "1"]
[SourceVersionDate "2015.10.08"]
[SourceQuality "1"]

1. e4 e5 2. Nf3 Nc6 3. Bc4 Nf6 4. d3 Be7 5. c3 0-0 6. 0-0 d5 7. exd5 Nxd5 8. h3 Be6 9. Re1 Bd6 10. Ng5 h6 11. Nxe6 fxe6 12. Nd2 Rxf2 13. Kxf2 Bc5+ 14. d4 exd4 15. Ne4 Ne3 16. Bxe3 Qh4+ 17. Kg1 dxe3 18. Bxe6+ Kh8 19. Nxc5 Qf2+ 20. Kh1 e2 21. Qxe2 Qxc5 22. Bb3 Rf8 23. Bc2 Rf2 24. Qxf2 1-0

[Event "HUN-chT U18"]
[White "Hitter, Gabriella"]
[Black "Ter, Marcell"]
[Site "Miskolc"]
[Round "3.6"]
[Result "1-0"]
[Date "2008.10.28"]
[WhiteElo "2083"]
[BlackElo "2043"]
[PlyCount "69"]
[EventDate "2008.10.27"]
[EventType "team-swiss"]
[EventRounds "8"]
[EventCountry "HUN"]
[SourceTitle "EXT 2016"]
[Source "ChessBase"]
[SourceDate "2015.10.08"]
[SourceVersion "1"]
[SourceVersionDate "2015.10.08"]
[SourceQuality "1"]

1. e4 e5 2. Nf3 Nc6 3. Bb5 a6 4. Ba4 Nf6 5. 0-0 Be7 6. Re1 b5 7. Bb3 d6 8. c3 0-0 9. d4 Bg4 10. Be3 d5 11. dxe5 Nxe5 12. exd5 Nxf3+ 13. gxf3 Bh5 14. Bf4 Bc5 15. Bg3 Qd7 16. Nd2 Rfe8 17. Rxe8+ Rxe8 18. c4 Bb4 19. Kg2 Qf5 20. Qb1 Qxb1 21. Nxb1 Re1 22. cxb5 axb5 23. a4 Bg6 24. axb5 Rxb1 25. Ra8+ Bf8 26. Bxc7 Rxb2 27. Bd6 Nd7 28. Ba4 f5 29. Rd8 Ra2 30. b6 Rxa4 31. b7 Be8 32. Rxe8 Kf7 33. b8Q Nxb8 34. Rxf8+ Kg6 35. Bxb8 1-0

[Event "Zalakaros op 27th"]
[White "Feher, Gyula"]
[Black "Ter, Marcell"]
[Site "Zalakaros"]
[Round "2"]
[Result "1-0"]
[Date "2008.05.23"]
[WhiteElo "2390"]
[BlackElo "2053"]
[PlyCount "61"]
[EventDate "2008.05.22"]
[EventType "swiss"]
[EventRounds "9"]
[EventCountry "HUN"]
[SourceTitle "CBM 124 Extra"]
[Source "ChessBase"]
[SourceDate "2008.07.03"]
[SourceVersion "1"]
[SourceVersionDate "2008.07.03"]
[SourceQuality "1"]

1. e4 e5 2. Nf3 Nc6 3. Bc4 Bc5 4. b4 Bxb4 5. c3 Ba5 6. d4 exd4 7. Qb3 Qe7 8. 0-0 d6 9. cxd4 Bb6 10. Bb5 Bd7 11. Nc3 Nxd4 12. Nxd4 Bxd4 13. Nd5 Qd8 14. Bxd7+ Qxd7 15. Nxc7+ Qxc7 16. Qa4+ b5 17. Qxd4 Nf6 18. Bg5 Qe7 19. a4 Qe5 20. Qxe5+ dxe5 21. axb5 0-0 22. f3 Rfb8 23. Rfb1 Nd7 24. Be3 Nb6 25. Rc1 Rb7 26. Bxb6 Rxb6 27. Rxa7 Rf8 28. Rc5 Re6 29. Ra6 Rxa6 30. bxa6 f6 31. Rc7 1-0

[Event "HUN-chT2 Charousek 0708"]
[White "Ter, Marcell"]
[Black "Bene, Zoltan"]
[Site "Hungary"]
[Round "8"]
[Result "0-1"]
[Date "2008.03.16"]
[WhiteElo "2068"]
[BlackElo "2112"]
[PlyCount "68"]
[EventDate "2007.10.14"]
[EventType "team-tourn"]
[EventRounds "11"]
[EventCountry "HUN"]
[SourceTitle "EXT 2009"]
[Source "ChessBase"]
[SourceDate "2008.11.26"]
[SourceVersion "1"]
[SourceVersionDate "2008.11.26"]
[SourceQuality "1"]
[WhiteTeam "Csuti II"]
[BlackTeam "Pannonpower"]
[WhiteTeamCountry "HUN"]
[BlackTeamCountry "HUN"]

1. e4 c5 2. Nf3 d6 3. d4 cxd4 4. Nxd4 Nf6 5. Nc3 a6 6. a4 Nc6 7. Be2 e6 8. Be3 Be7 9. 0-0 0-0 10. Nb3 b6 11. f4 Qc7 12. Bd3 Rd8 13. Qf3 Bb7 14. Qh3 h5 15. Rae1 g6 16. Qg3 Ng4 17. h3 Nxe3 18. Rxe3 Bf6 19. f5 Be5 20. Qg5 Qe7 21. f6 Qf8 22. Ref3 Kh7 23. Qe3 Qh6 24. Qxb6 Rd7 25. Qe3 g5 26. g4 hxg4 27. R3f2 gxh3 28. Ne2 Rg8 29. Ng3 Qh4 30. Kh2 Rdd8 31. Rg1 Bf4 32. Qb6 Ne5 33. Be2 Bxe4 34. Qa7 Bg2 0-1